00744nam a2200169 a 450000100100000000500170001000800410002704000250006808200160009310000290010924501100013826000450024830000340029370000430032795201870037099900170055700003582920200930074639.0111115s1964 enkab 000 0 eng d aDO-SdBNPbspacBNPHU axxxxbM454m1 aMauriac, Francois96034510aLe mystere frontenac /cFrancois Mauriac ; edited with an introduction and notes by Anthony M. C. Wilcox. aLondon :bGeorge G. Harrap & Co.,c1964. a198 p. :bil., map. ;c19 cm.1 aWilcox, Anthony M. C.,eintrod.961798 001050718RVaGRbGRcCTd2011-11-15iLF1l0oxxxx M454mp35829-10r2020-06-25w2020-06-25y1zPerteneció a la biblioteca personal de Juan Isidro Jimenes- GrullónZNo se presta c35320d35320